000 00984nam a22003017a 4500
001 BR6900727
003 BR-BrBNA
005 20230928083550.0
007 ta
008 230509b bl.||||| |||| 00| 0 por d
040 _aBR-BrBNA
_bpor
_cBiblioteca Nacional de Agricultura
041 _a(Eng)
072 _aH20; H50
_b1000
_b4150
090 _ 1000 BR6900727
100 1 _aRossetti, V.
100 1 _aLasca, C.C.
100 1 _aNegretti, S.
245 1 _aNew developments regarding leprosis and zonate chlorosis of citrus [fruta citrica, leprose critrica, virus, Tenuipalpus pseudocuneatus, clorose zonada, deficiencia nutricional]
260 3 _a[np](Brasil):
_c1969.
300 _a4 p.
500 _a12 ref.; Reprinted from Proceedings First International Citrus Symposium, v. 3. 1969
650 _aFRUTA CITRICA
650 _aLEPROSE CITRICA
650 _aCLOROSE ZONADA
650 _aDEFICIENCIA NUTRICIONAL
909 _a202309
_bLucia
_c55
_dLucia Elande
942 _cBK
999 _c14200
_d14200